00756nam a2200205Ia 4500003000400000005001700004008004100021020001800062040001800080041000800098082002200106100002900128245015800157250001200315260006800327300002800395650005900423650005100482700001700533OSt20220928151545.0210716s2019 xx 000 0 und d a9789352139019 cAIMIT LIBRARY aeng a005.448 21bGARV aGarcia, Vicente Herrera. aBuilding intelligent cloud applications :bdevelop scalable models using serverless architectures with azure /cBy Vicente Herrera Garcia and John Biggs. a1st ed. aMumbai :bShroff Publishers and Distributors Pvt Ltd ,c2019 . axi, 138p. ;bPBc23 cm. aMachine learning and deep learning models in the cloud aGetting started with microsoft azure functions aBiggs, John.